00722naa a2200169 a 450000100080000000500110000800800410001910000110006024501890007126000090026050000200026952001320028965300120042165300120043365300120044577300950045710784582011-07-19 2005 bl uuuu u00u1 u #d1 aEpagri aEngorda final de tilapias (Oreochromis niloticus) no meio oeste catarinense no periodo de ver??o com alevinos nascidos no outono inverno oriundos do litoral de Santa Catarina (Brasil). c2005 aISSN, 1022-1301 aPossibilidade de produ????o de tilapias adultas oriundas de alevinos produzidas no inverno no litoral de Santa Catarina Brasil. aAlevino aEngorda aTilapia tArchivos Latinoamericanos de Producci??n Animal, Maracay, VEgv. 13, n. 3, p. 87-91, 2005.